Packaging designers the 10.
| Format: | Book |
|---|---|
| Published: |
Tokyo:
Shuhei Hashimoto,
1994.
|
| Subjects: |
| LEADER | 00384cam a2200145 7i4500 | ||
|---|---|---|---|
| 001 | 0000004773 | ||
| 005 | 19991025090000.0 | ||
| 002 | ##000006309 | ||
| 020 | 0 | 0 | |a 4-897370191-0 |
| 090 | 0 | 0 | |a DE 688.8 |b PAC |
| 245 | 0 | 0 | |a Packaging designers the 10. |
| 260 | 0 | 0 | |a Tokyo: |b Shuhei Hashimoto, |c 1994. |
| 300 | 0 | 0 | |a 175 p.. |
| 650 | 0 | 0 | |a Designers |
| 999 | |a 0000006897 |b Book |c Open shelf |e Business Information Centre | ||